| 000 | 00562nam a2200193Ia 4500 | ||
|---|---|---|---|
| 003 | OSt | ||
| 005 | 20200826111316.0 | ||
| 008 | 190216s9999||||xx |||||||||||||| ||und|| | ||
| 020 | _a9788121924474 | ||
| 040 | _coclc | ||
| 082 |
_a530.4 _bMUR/P |
||
| 100 |
_aMurugeshan, R _94330 |
||
| 245 | 0 |
_aProperties Of Matter And Acoustics / _cR Murugeshan ; Kiruthiga Sivaprasath |
|
| 250 | _a1st Ed. | ||
| 260 |
_bS Chand & Company, _aNew Delhi: _c2005. |
||
| 300 | _a116p | ||
| 650 | _aPhysics | ||
| 942 |
_cBK _2ddc _h530.4 _iMUR/P _k530.4 _mMUR/P |
||
| 999 |
_c34318 _d34318 |
||